[Event "ch-RUS Girls 2014"]
[Site "Loo RUS"]
[Date "2014.04.16"]
[Round "1.1"]
[White "Styazhkina, Anna"]
[Black "Pustovoitova, Daria"]
[Result "0-1"]
[WhiteTitle "WIM"]
[BlackTitle "FM"]
[WhiteElo "2232"]
[BlackElo "2295"]
[WhiteFideId "24119300"]
[BlackFideId "4182146"]
[EventDate "2014.04.16"]

1. e4 c5 2. Nc3 d6 3. d4 cxd4 4. Qxd4 Nc6 5. Bb5 Bd7 6. Bxc6 Bxc6 7. Nf3 h6 8.
Be3 Nf6 9. O-O-O e5 10. Qd3 Qd7 11. h3 b5 12. Nd2 Qb7 13. f4 b4 14. Nd5 Nxd5 15.
exd5 Bxd5 16. Rhe1 Be7 17. fxe5 dxe5 18. Bc5 f6 19. Qg6+ Kf8 20. Ne4 Bxc5 21.
Nxc5 Qc6 22. Nd3 a5 23. Rd2 Rc8 24. Nxe5 fxe5 25. Qf5+ Bf7 26. Rd7 Qf6 27. Rxf7+
Kxf7 28. Qd7+ Kg6 0-1

[Event "ch-RUS Girls 2014"]
[Site "Loo RUS"]
[Date "2014.04.16"]
[Round "1.2"]
[White "Tomnikova, Lidia"]
[Black "Khlichkova, Tatiana"]
[Result "1/2-1/2"]
[WhiteTitle "WIM"]
[BlackTitle "WFM"]
[WhiteElo "2184"]
[BlackElo "2215"]
[WhiteFideId "4113110"]
[BlackFideId "24145084"]
[EventDate "2014.04.16"]

1. e4 e6 2. d4 d5 3. Nc3 Bb4 4. Ne2 dxe4 5. a3 Be7 6. Nxe4 b6 7. Bf4 Bb7 8. Qd3
Nd7 9. O-O-O a6 10. N2c3 Ngf6 11. Be2 Nxe4 12. Nxe4 O-O 13. Bf3 b5 14. h4 Bd5
15. Ng5 Nf6 16. Be5 Bc4 17. Qd2 Bd5 18. Qd3 Bc4 19. Qd2 Bd5 20. Qd3 Bc4 21. Qd2
Bd5 22. Qd3 1/2-1/2

[Event "ch-RUS Girls 2014"]
[Site "Loo RUS"]
[Date "2014.04.16"]
[Round "1.3"]
[White "Bivol, Alina"]
[Black "Grigoryeva, Olga A."]
[Result "1/2-1/2"]
[WhiteTitle "WIM"]
[BlackTitle "WFM"]
[WhiteElo "2245"]
[BlackElo "2187"]
[WhiteFideId "4100123"]
[BlackFideId "24132594"]
[EventDate "2014.04.16"]

1. e4 d5 2. exd5 Qxd5 3. Nc3 Qa5 4. d4 Nf6 5. Nf3 c6 6. Bc4 Bg4 7. h3 Bh5 8. g4
Bg6 9. Ne5 Nbd7 10. Nxg6 hxg6 11. g5 Nd5 12. Qf3 N7b6 13. Bb3 e6 14. Bd2 Nxc3
15. bxc3 Be7 16. h4 Rh5 17. a4 Nc8 18. Bc4 Nd6 19. Be2 Nf5 20. Qe4 Rh8 21. h5
Bxg5 22. hxg6 Rxh1+ 23. Qxh1 Bxd2+ 24. Kxd2 O-O-O 25. gxf7 Nxd4 26. Bd3 Qg5+ 27.
Kd1 Qg4+ 28. Kc1 Qf4+ 29. Kb2 Nf3 30. a5 a6 31. Qh3 Qxf7 32. Bc4 Kb8 33. Bxe6
Qf6 34. Qg3+ Ka8 35. Bb3 Nd2 36. Ra4 Nxb3 37. Kxb3 Qf7+ 38. Kb2 Rd5 39. Qe3 Qc7
40. Qe8+ Ka7 41. Qe3+ Ka8 1/2-1/2

[Event "ch-RUS Girls 2014"]
[Site "Loo RUS"]
[Date "2014.04.16"]
[Round "1.4"]
[White "Eryshkanova, Anastasiya"]
[Black "Severina, Maria"]
[Result "1/2-1/2"]
[WhiteTitle "WFM"]
[BlackTitle "WIM"]
[WhiteElo "2140"]
[BlackElo "2212"]
[WhiteFideId "24119059"]
[BlackFideId "4116909"]
[EventDate "2014.04.16"]

1. e4 e5 2. Nf3 Nc6 3. Bc4 Bc5 4. d3 Nf6 5. c3 a6 6. Bb3 O-O 7. O-O d5 8. exd5
Nxd5 9. Nxe5 Bxf2+ 10. Rxf2 Nxe5 11. h3 Be6 12. d4 Ng6 13. c4 Nde7 14. d5 Bd7
15. Nc3 c5 16. Qh5 b6 17. Bc2 f5 18. Bg5 Qc7 19. Re1 Rae8 20. Rfe2 Qd6 21. Qf3
b5 22. b3 h6 23. Be3 b4 24. Nd1 Rc8 25. Nb2 Ne5 26. Qg3 N7g6 27. Bxh6 Nxc4 28.
Qxd6 Nxd6 29. Bg5 Nb5 30. Na4 Nd4 31. Rd2 Bxa4 32. bxa4 Rfe8 33. Rxe8+ Rxe8 34.
Bd3 a5 35. d6 Ne5 36. Kf2 Kf7 37. Be3 Nxd3+ 38. Rxd3 Rd8 39. Bxd4 Rxd6 40. Ke3
Re6+ 41. Kf3 cxd4 42. Rxd4 Re5 1/2-1/2

[Event "ch-RUS Girls 2014"]
[Site "Loo RUS"]
[Date "2014.04.16"]
[Round "1.5"]
[White "Petrukhina, Irina"]
[Black "Baraeva, Irina"]
[Result "0-1"]
[WhiteTitle "WFM"]
[BlackTitle "WIM"]
[WhiteElo "2145"]
[BlackElo "2135"]
[WhiteFideId "4132432"]
[BlackFideId "24142565"]
[EventDate "2014.04.16"]

1. d4 d5 2. c4 c6 3. Nf3 Nf6 4. Qc2 dxc4 5. Qxc4 Bg4 6. Nc3 Nbd7 7. e4 Bxf3 8.
gxf3 e5 9. Be3 exd4 10. Bxd4 Bd6 11. O-O-O Qe7 12. Qe2 O-O 13. Qe3 Bc5 14. f4
Bxd4 15. Rxd4 Nb6 16. Bg2 Qc5 17. Rhd1 Nc4 18. Qe2 b5 19. e5 Rfe8 20. Qc2 Ng4
21. h3 Nge3 22. Rxc4 Nxc4 23. Ne4 Qb4 24. a3 Qf8 25. Ng5 g6 26. Kb1 Rac8 27. h4
Red8 28. Bf1 Rxd1+ 29. Qxd1 Rd8 30. Qc1 Nd2+ 31. Ka2 h6 32. Nh3 Nxf1 33. Qxf1
Qc5 34. h5 Qd5+ 0-1

[Event "ch-RUS Girls 2014"]
[Site "Loo RUS"]
[Date "2014.04.17"]
[Round "2.1"]
[White "Petrukhina, Irina"]
[Black "Eryshkanova, Anastasiya"]
[Result "1-0"]
[WhiteTitle "WFM"]
[BlackTitle "WFM"]
[WhiteElo "2145"]
[BlackElo "2140"]
[WhiteFideId "4132432"]
[BlackFideId "24119059"]
[EventDate "2014.04.16"]

1. d4 d5 2. c4 e5 3. dxe5 d4 4. Nf3 Nc6 5. Nbd2 Nge7 6. g3 Be6 7. Bg2 Qd7 8. O-O
Bh3 9. Bxh3 Qxh3 10. b4 Ng6 11. Qa4 Qd7 12. Rb1 h5 13. h4 Be7 14. Rd1 O-O 15.
Bb2 Qg4 16. b5 Ncxe5 17. Bxd4 Nxf3+ 18. Nxf3 Bxh4 19. Nxh4 Nxh4 20. Bc5 Rfe8 21.
Rd4 Qg6 22. Qd1 Nf5 23. Rd5 c6 24. bxc6 bxc6 25. Rd7 h4 26. Qd3 Qg4 27. Rbb7
hxg3 28. Rxf7 Rxe2 29. Qxf5 Re1+ 30. Kg2 gxf2+ 31. Qxg4 Rg1+ 32. Kh3 1-0

[Event "ch-RUS Girls 2014"]
[Site "Loo RUS"]
[Date "2014.04.17"]
[Round "2.2"]
[White "Severina, Maria"]
[Black "Bivol, Alina"]
[Result "1-0"]
[WhiteTitle "WIM"]
[BlackTitle "WIM"]
[WhiteElo "2212"]
[BlackElo "2245"]
[WhiteFideId "4116909"]
[BlackFideId "4100123"]
[EventDate "2014.04.16"]

1. d4 d5 2. c4 e6 3. Nc3 c6 4. Nf3 dxc4 5. a4 Bb4 6. e3 b5 7. Bd2 a5 8. axb5
Bxc3 9. Bxc3 cxb5 10. b3 Bb7 11. bxc4 b4 12. Bb2 Nf6 13. Bd3 Nbd7 14. O-O O-O
15. Nd2 Qc7 16. f3 Rfd8 17. Re1 Qc6 18. Bc2 Qc7 19. Kh1 e5 20. Bb3 exd4 21. exd4
Qf4 22. d5 Ra6 23. Ne4 Nxe4 24. Rxe4 Qd6 25. Qd4 Qf8 26. Rae1 f6 27. Ba4 Bc8 28.
Bb5 Ra8 29. d6 Rb8 30. c5 Ne5 31. f4 Nf7 32. Re8 Rxb5 33. Rxf8+ Kxf8 34. Qe4 1-0

[Event "ch-RUS Girls 2014"]
[Site "Loo RUS"]
[Date "2014.04.17"]
[Round "2.3"]
[White "Grigoryeva, Olga A."]
[Black "Tomnikova, Lidia"]
[Result "1/2-1/2"]
[WhiteTitle "WFM"]
[BlackTitle "WIM"]
[WhiteElo "2187"]
[BlackElo "2184"]
[WhiteFideId "24132594"]
[BlackFideId "4113110"]
[EventDate "2014.04.16"]

1. d4 Nf6 2. c4 e6 3. Nc3 Bb4 4. f3 O-O 5. e4 d5 6. e5 Nfd7 7. cxd5 exd5 8. f4
c5 9. a3 Ba5 10. Be3 cxd4 11. Bxd4 Nc6 12. Nf3 Bxc3+ 13. Bxc3 Nc5 14. Be2 Ne4
15. O-O Nxc3 16. bxc3 Qa5 17. Qd3 g6 18. Nd4 Nxd4 19. cxd4 Bf5 20. Qe3 Rac8 21.
Rac1 Rxc1 22. Rxc1 Rc8 23. Rxc8+ Bxc8 24. Bf3 h5 25. h3 Be6 26. g4 hxg4 27. hxg4
Qb5 28. Kg2 Qb2+ 29. Kg3 Qb1 30. f5 gxf5 31. Qg5+ Kh7 32. gxf5 Bxf5 33. Bxd5
Qe1+ 34. Kh2 Qf2+ 35. Bg2 Be6 36. Qh5+ Kg7 37. Qg5+ Kh7 38. Qh5+ Kg7 39. Qg5+
Kh7 40. Qh5+ Kg7 1/2-1/2

[Event "ch-RUS Girls 2014"]
[Site "Loo RUS"]
[Date "2014.04.17"]
[Round "2.4"]
[White "Khlichkova, Tatiana"]
[Black "Styazhkina, Anna"]
[Result "0-1"]
[WhiteTitle "WFM"]
[BlackTitle "WIM"]
[WhiteElo "2215"]
[BlackElo "2232"]
[WhiteFideId "24145084"]
[BlackFideId "24119300"]
[EventDate "2014.04.16"]

1. Nf3 d5 2. b3 Nf6 3. Bb2 e6 4. e3 Be7 5. c4 O-O 6. Be2 c5 7. O-O Nc6 8. Ne5
Bd7 9. f4 Ne4 10. d3 Nd6 11. Bg4 d4 12. exd4 Nxd4 13. Nd2 N6f5 14. Re1 Bd6 15.
Ne4 Bxe5 16. fxe5 Bc6 17. Nxc5 Qb6 18. Ba3 Nh4 19. Bh3 Qa5 20. Qc1 Nhf3+ 21.
gxf3 Nxf3+ 22. Kf1 Nxe1 23. b4 Qd8 24. Kxe1 Qh4+ 25. Kd2 Qxh3 26. Qg1 b6 27. Nb3
Rfd8 28. Qg3 Qxg3 29. hxg3 Rac8 30. Ke3 f6 31. b5 Bb7 32. exf6 gxf6 33. Be7 Rd7
34. Bxf6 Rf8 35. Bd4 Rf3+ 36. Ke2 Rxg3 37. Be5 Rg5 38. d4 Rf7 39. Kd2 Rf3 40.
Re1 Rg2+ 41. Re2 Rff2 42. Rxf2 Rxf2+ 43. Kc3 Rxa2 44. c5 Be4 45. c6 a5 46. Nc5
Rc2+ 47. Kb3 bxc5 48. d5 c4+ 0-1

[Event "ch-RUS Girls 2014"]
[Site "Loo RUS"]
[Date "2014.04.17"]
[Round "2.5"]
[White "Baraeva, Irina"]
[Black "Pustovoitova, Daria"]
[Result "0-1"]
[WhiteTitle "WIM"]
[BlackTitle "FM"]
[WhiteElo "2135"]
[BlackElo "2295"]
[WhiteFideId "24142565"]
[BlackFideId "4182146"]
[EventDate "2014.04.16"]

1. d4 Nf6 2. c4 e6 3. Nf3 b6 4. g3 Ba6 5. b3 Bb4+ 6. Bd2 Be7 7. Bg2 c6 8. O-O d5
9. cxd5 cxd5 10. Ne5 Nfd7 11. Bf4 Nxe5 12. Bxe5 O-O 13. Nd2 Nc6 14. Nf3 Ba3 15.
Bf4 Rc8 16. Bc1 Qe7 17. Qd2 Qb4 18. Bxa3 Qxa3 19. Rfc1 Nb4 20. Rxc8 Rxc8 21. Ne1
Bb5 22. e3 a5 23. Bf1 Bd7 24. Bd3 h6 25. Kg2 g6 26. Nf3 Nxd3 27. Qxd3 Qb2 28.
Qb1 Rc2 29. Qxb2 Rxb2 30. Ne5 Be8 31. Rc1 Kf8 32. Ra1 f6 33. Nd3 Rd2 34. Nc1 Rd1
35. a4 g5 36. g4 Bg6 37. h3 Be4+ 38. f3 Bd3 39. Kg3 Kg7 40. h4 gxh4+ 41. Kxh4
Kg6 42. Kg3 f5 43. gxf5+ Kxf5 44. Kg2 h5 45. Kg3 Kg5 46. Kg2 h4 47. Kf2 h3 48.
Kg3 Bf5 49. e4 dxe4 50. fxe4 Rg1+ 51. Kh2 Rg2+ 52. Kh1 Bxe4 0-1

[Event "ch-RUS Girls 2014"]
[Site "Loo RUS"]
[Date "2014.04.18"]
[Round "3.1"]
[White "Bivol, Alina"]
[Black "Petrukhina, Irina"]
[Result "0-1"]
[WhiteTitle "WIM"]
[BlackTitle "WFM"]
[WhiteElo "2245"]
[BlackElo "2145"]
[WhiteFideId "4100123"]
[BlackFideId "4132432"]
[EventDate "2014.04.16"]

1. d4 Nf6 2. c4 g6 3. Nf3 Bg7 4. g3 d5 5. cxd5 Nxd5 6. Bg2 O-O 7. O-O Nc6 8. e3
Re8 9. Nh4 e5 10. e4 Nb6 11. d5 Nd4 12. Nc3 c6 13. f4 exf4 14. Nf3 Bg4 15. dxc6
fxg3 16. cxb7 gxh2+ 17. Kh1 Rb8 18. Bg5 Qd7 19. Be3 Nxf3 20. Bxf3 Bxf3+ 21. Qxf3
Qxb7 22. Bxb6 Bxc3 23. bxc3 axb6 24. Rae1 Ra8 25. Rf2 Ra4 26. Kxh2 Rexe4 27.
Rxe4 Rxe4 28. Qf6 Qc7+ 29. Kh3 Re1 30. Kg2 Re3 31. Rf3 Re2+ 32. Kf1 Rxa2 33. Qd4
Ra1+ 34. Kg2 Ra2+ 35. Kf1 Ra1+ 36. Kg2 Ra8 37. Rd3 Qc6+ 38. Kg3 Qc5 39. Qe4 Qg5+
40. Kf3 Ra5 41. Qe8+ Kg7 42. Rd8 Rf5+ 43. Ke4 Qg2+ 44. Kd4 Qd2+ 45. Kc4 Rc5+ 0-1

[Event "ch-RUS Girls 2014"]
[Site "Loo RUS"]
[Date "2014.04.18"]
[Round "3.2"]
[White "Tomnikova, Lidia"]
[Black "Severina, Maria"]
[Result "1-0"]
[WhiteTitle "WIM"]
[BlackTitle "WIM"]
[WhiteElo "2184"]
[BlackElo "2212"]
[WhiteFideId "4113110"]
[BlackFideId "4116909"]
[EventDate "2014.04.16"]

1. e4 e5 2. Nf3 Nc6 3. Bb5 Nf6 4. O-O Nxe4 5. d4 Nd6 6. Bxc6 dxc6 7. dxe5 Nf5 8.
Qxd8+ Kxd8 9. Rd1+ Ke8 10. Bf4 h6 11. h3 Be6 12. Nc3 Rd8 13. Rxd8+ Kxd8 14. Rd1+
Kc8 15. g4 Ne7 16. Nd4 Ng6 17. Nxe6 fxe6 18. Bg3 Bb4 19. Ne2 Rf8 20. f4 Bc5+ 21.
Kg2 b5 22. Rf1 Rd8 23. f5 exf5 24. gxf5 Ne7 25. f6 gxf6 26. exf6 Ng6 27. Rf5 Bb4
28. c3 Bd6 29. f7 Bxg3 30. Kxg3 Rf8 31. Nd4 Kd7 32. Nxc6 Kxc6 33. Rf6+ Kd5 34.
Rxg6 Rxf7 35. Rxh6 Ke4 36. h4 Rg7+ 37. Kh3 Rg1 38. h5 Rh1+ 39. Kg4 Rg1+ 40. Kh4
Rg2 41. b4 Rxa2 42. Rc6 Kf4 43. Rf6+ Ke5 44. Rf7 c6 45. h6 Rh2+ 46. Kg5 Rg2+ 47.
Kh5 Rh2+ 48. Kg6 Rg2+ 49. Kh7 Rg3 50. Rxa7 Rxc3 51. Kg8 Rh3 52. h7 Kd5 53. Rg7 1-0

[Event "ch-RUS Girls 2014"]
[Site "Loo RUS"]
[Date "2014.04.18"]
[Round "3.3"]
[White "Styazhkina, Anna"]
[Black "Grigoryeva, Olga A."]
[Result "1-0"]
[WhiteTitle "WIM"]
[BlackTitle "WFM"]
[WhiteElo "2232"]
[BlackElo "2187"]
[WhiteFideId "24119300"]
[BlackFideId "24132594"]
[EventDate "2014.04.16"]

1. e4 e6 2. d4 d5 3. Nc3 Bb4 4. exd5 exd5 5. Bd3 Nf6 6. Bg5 h6 7. Bh4 c5 8. dxc5
d4 9. a3 Bxc3+ 10. bxc3 dxc3 11. Ne2 Qa5 12. O-O Qxc5 13. Bxf6 gxf6 14. Nf4 Nc6
15. Re1+ Ne5 16. Nh5 Be6 17. Nxf6+ Ke7 18. Ne4 Qc7 19. f4 Ng4 20. h3 Qb6+ 21.
Kh1 Ne3 22. Qf3 Nf5 23. Nxc3 Kf8 24. Rab1 Qd4 25. Bxf5 Bxf5 26. Rxb7 Rc8 27. Nb5
Qf6 28. c3 Be6 29. Nd4 Bc4 30. Rxa7 Rg8 31. Qe4 Rg3 32. Nf5 Rxc3 33. Ra8 Be6 34.
Qb4+ Kg8 35. Ne7+ Kg7 36. Nxc8 Bxc8 37. Re8 Bxh3 38. Rg8+ Kh7 39. Rh8+ Kg6 40.
Qe4+ Bf5 41. Rag8+ Kh5 42. Qe2+ Kh4 43. Qf2+ Kh5 44. Rg5+ 1-0

[Event "ch-RUS Girls 2014"]
[Site "Loo RUS"]
[Date "2014.04.18"]
[Round "3.4"]
[White "Pustovoitova, Daria"]
[Black "Khlichkova, Tatiana"]
[Result "0-1"]
[WhiteTitle "FM"]
[BlackTitle "WFM"]
[WhiteElo "2295"]
[BlackElo "2215"]
[WhiteFideId "4182146"]
[BlackFideId "24145084"]
[EventDate "2014.04.16"]

1. d4 e6 2. c4 f5 3. Nf3 Nf6 4. g3 b6 5. Bg2 Bb7 6. O-O Be7 7. Qc2 O-O 8. Nc3
Ne4 9. Ne5 d5 10. cxd5 exd5 11. Nxe4 dxe4 12. b3 Na6 13. Bb2 Qd5 14. e3 Bd6 15.
Rfd1 Nb4 16. Qc3 Qe6 17. a3 Nd5 18. Qc2 Rf6 19. Qe2 a6 20. f3 Ne7 21. b4 Raf8
22. Rac1 b5 23. Rf1 Bd5 24. Rf2 Nc8 25. fxe4 Bxe4 26. Bxe4 fxe4 27. Ng4 Rf3 28.
h3 Rxg3+ 29. Rg2 Rff3 30. Nf2 Rxg2+ 31. Kxg2 Qg6+ 32. Kf1 Bg3 0-1

[Event "ch-RUS Girls 2014"]
[Site "Loo RUS"]
[Date "2014.04.18"]
[Round "3.5"]
[White "Eryshkanova, Anastasiya"]
[Black "Baraeva, Irina"]
[Result "1/2-1/2"]
[WhiteTitle "WFM"]
[BlackTitle "WIM"]
[WhiteElo "2140"]
[BlackElo "2135"]
[WhiteFideId "24119059"]
[BlackFideId "24142565"]
[EventDate "2014.04.16"]

1. b3 d5 2. Bb2 c5 3. Nf3 Nc6 4. d4 Nf6 5. e3 Bg4 6. Be2 e6 7. O-O Be7 8. c4
cxd4 9. Nxd4 Bxe2 10. Qxe2 O-O 11. Rd1 Qa5 12. cxd5 Nxd4 13. Bxd4 Nxd5 14. Nd2
Rfd8 15. Nc4 Qa6 16. e4 Nf4 17. Qf3 Ng6 18. a4 Rd7 19. Bb2 Rad8 20. Rxd7 Rxd7
21. Rd1 Rxd1+ 22. Qxd1 b5 23. axb5 Qxb5 24. g3 a5 25. Qd3 a4 26. bxa4 Qxa4 27.
Ne3 Qb4 28. Bc3 Qb3 29. Qc4 Qxc4 30. Nxc4 Bc5 31. Kf1 Ne7 32. Na5 h5 33. Ke2 g6
34. Nb3 Bb6 35. Bd4 Bxd4 36. Nxd4 Kg7 37. f4 Nc8 38. Kd3 Nb6 39. h3 Nd7 40. Nf3
Kf6 41. Kd4 Ke7 1/2-1/2

[Event "ch-RUS Girls 2014"]
[Site "Loo RUS"]
[Date "2014.04.19"]
[Round "4.1"]
[White "Petrukhina, Irina"]
[Black "Tomnikova, Lidia"]
[Result "1/2-1/2"]
[WhiteTitle "WFM"]
[BlackTitle "WIM"]
[WhiteElo "2145"]
[BlackElo "2184"]
[WhiteFideId "4132432"]
[BlackFideId "4113110"]
[EventDate "2014.04.16"]

1. d4 Nf6 2. c4 e6 3. Nf3 Be7 4. g3 d5 5. Bg2 O-O 6. Qc2 a6 7. c5 b6 8. c6 Qd6
9. Ne5 Ne8 10. Bf4 Qb4+ 11. Nd2 Qxd4 12. Nd3 a5 13. Be5 Qg4 14. h3 Qg6 15. e4
Bb4 16. O-O-O f6 17. Bc3 Nxc6 18. Nf4 Qh6 19. exd5 Bxc3 20. bxc3 e5 21. Ne6 Rf7
22. Rhe1 Rb8 23. f4 Nd6 24. f5 Ne7 25. g4 Bb7 26. c4 c6 27. Qb3 cxd5 28. cxd5 b5
29. Kb1 Qh4 30. Ne4 Bxd5 31. Nxf6+ Qxf6 32. Bxd5 Nxd5 33. Rxd5 Nc4 34. Red1 h6
35. Qd3 e4 36. Qd4 Na3+ 37. Kb2 Nc4+ 38. Kb1 Na3+ 39. Kb2 Nc4+ 40. Kb1 Na3+ 41.
Kb2 Nc4+ 1/2-1/2

[Event "ch-RUS Girls 2014"]
[Site "Loo RUS"]
[Date "2014.04.19"]
[Round "4.2"]
[White "Eryshkanova, Anastasiya"]
[Black "Bivol, Alina"]
[Result "0-1"]
[WhiteTitle "WFM"]
[BlackTitle "WIM"]
[WhiteElo "2140"]
[BlackElo "2245"]
[WhiteFideId "24119059"]
[BlackFideId "4100123"]
[EventDate "2014.04.16"]

1. e4 e6 2. d4 d5 3. Nc3 Bb4 4. a3 Bxc3+ 5. bxc3 dxe4 6. Qg4 Nf6 7. Qxg7 Rg8 8.
Qh6 Rg6 9. Qd2 c5 10. a4 Nc6 11. Ne2 Qa5 12. Bb2 Bd7 13. Ng3 O-O-O 14. Bb5 h5
15. h4 a6 16. Be2 Be8 17. O-O-O Qxa4 18. Nxh5 Nxh5 19. Bxh5 Na5 20. Bxg6 Nc4 21.
Qg5 Rd5 22. Qe7 Qa2 23. Rde1 Qxb2+ 24. Kd1 Qxc3 25. Ke2 Bb5 26. Bxe4 Ne5+ 0-1

[Event "ch-RUS Girls 2014"]
[Site "Loo RUS"]
[Date "2014.04.19"]
[Round "4.3"]
[White "Severina, Maria"]
[Black "Styazhkina, Anna"]
[Result "1-0"]
[WhiteTitle "WIM"]
[BlackTitle "WIM"]
[WhiteElo "2212"]
[BlackElo "2232"]
[WhiteFideId "4116909"]
[BlackFideId "24119300"]
[EventDate "2014.04.16"]

1. Nf3 d5 2. c4 c6 3. b3 Nf6 4. Bb2 e6 5. e3 Bd6 6. Be2 O-O 7. Nc3 Nbd7 8. d4
Qe7 9. O-O Rd8 10. Rc1 dxc4 11. bxc4 e5 12. Qc2 exd4 13. exd4 Nf8 14. h3 Ng6 15.
Rfe1 Qc7 16. Rcd1 Nf4 17. Bf1 Qa5 18. c5 Bb8 19. Ne4 N6d5 20. Neg5 g6 21. Qb3
Qc7 22. g3 h6 23. gxf4 hxg5 24. fxg5 Be6 25. Ne5 Kg7 26. Qg3 Rh8 27. Re4 Qe7 28.
Rde1 Bc7 29. Rh4 Rxh4 30. Qxh4 Rh8 31. Qg3 b6 32. Nxc6 Qd7 33. Ne5 Qc8 34. h4
Kg8 35. cxb6 axb6 36. Rc1 Qb8 37. Bh3 Bxh3 38. Qxh3 Nf4 39. Qd7 Bxe5 40. Rc8+
Qxc8 41. Qxc8+ Kh7 42. Qb7 Bg7 43. Qf3 Nh5 44. Qxf7 Rf8 45. Qb7 Kh8 46. Qxb6 Nf4
47. d5 Nh3+ 48. Kg2 Rxf2+ 49. Qxf2 1-0

[Event "ch-RUS Girls 2014"]
[Site "Loo RUS"]
[Date "2014.04.19"]
[Round "4.4"]
[White "Grigoryeva, Olga A."]
[Black "Pustovoitova, Daria"]
[Result "1/2-1/2"]
[WhiteTitle "WFM"]
[BlackTitle "FM"]
[WhiteElo "2187"]
[BlackElo "2295"]
[WhiteFideId "24132594"]
[BlackFideId "4182146"]
[EventDate "2014.04.16"]

1. d4 Nf6 2. Nf3 e6 3. Bf4 b6 4. e3 Bb7 5. h3 c5 6. c3 Be7 7. Nbd2 cxd4 8. cxd4
Nc6 9. Rc1 Rc8 10. a3 O-O 11. Bd3 d6 12. Bh2 a6 13. O-O b5 14. Qe2 Rc7 15. b4
Qa8 16. Nb3 Rfc8 17. e4 Qa7 18. Qe3 Nd7 19. Rfe1 h6 20. Bb1 Bf8 21. Qd3 g6 22.
g4 Nb6 23. Nfd2 Na4 24. h4 e5 25. d5 Nd4 26. Rxc7 Rxc7 27. Nxd4 exd4 28. e5 Bxd5
29. exd6 Rc3 30. Qe2 Rc8 31. h5 Nc3 32. Qd3 Nxb1 33. Qxb1 Qd7 34. f3 Bxd6 35.
hxg6 Bxh2+ 36. Kxh2 Qd6+ 37. Kg2 Qxg6 38. Qxg6+ fxg6 39. Ne4 Rc2+ 40. Kg3 Kf7
41. g5 hxg5 42. Nxg5+ Kf6 43. Kf4 Rc7 44. Rd1 Rc4 45. Ne4+ Ke6 46. Nc5+ Kd6 47.
Ne4+ Kc6 48. Ke5 Bxe4 49. Kxe4 Rc3 50. Rg1 Rxa3 51. Rxg6+ Kb7 52. Rd6 Re3+ 53.
Kf4 Rd3 54. Ke4 Re3+ 1/2-1/2

[Event "ch-RUS Girls 2014"]
[Site "Loo RUS"]
[Date "2014.04.19"]
[Round "4.5"]
[White "Baraeva, Irina"]
[Black "Khlichkova, Tatiana"]
[Result "1/2-1/2"]
[WhiteTitle "WIM"]
[BlackTitle "WFM"]
[WhiteElo "2135"]
[BlackElo "2215"]
[WhiteFideId "24142565"]
[BlackFideId "24145084"]
[EventDate "2014.04.16"]

1. d4 e6 2. g3 c5 3. Nf3 Nc6 4. c4 cxd4 5. Nxd4 Bc5 6. Nc2 h5 7. h4 Nf6 8. Bg2
Ng4 9. O-O O-O 10. Nc3 f5 11. Bg5 Qc7 12. e3 a6 13. Nd5 Qd6 14. b4 exd5 15.
Qxd5+ Qxd5 16. Bxd5+ Kh7 17. bxc5 Nf6 18. Rab1 Ne4 19. Bxe4 fxe4 20. Bf4 a5 21.
a4 Rf5 22. Bd6 Ra6 23. Rfd1 Rf6 24. Na3 Nb4 25. Nb5 Nd3 26. Rd2 b6 27. Nc7 bxc5
28. Nxa6 Bxa6 29. Rb6 Bxc4 30. Bc7 Rf7 31. Rd6 Bb3 32. f4 Bxa4 33. Bxa5 Rf8 34.
Ra2 Bb3 35. Ra3 Be6 36. Rb6 Kg6 37. Bc3 Kf5 38. Ra7 Rd8 39. Kg2 Rg8 40. Ra5 Kg6
41. Ra7 Kf7 42. Rba6 Rb8 43. Bxg7 Bg4 44. Bc3 Rb1 45. Ra1 Rb3 46. R7a3 Rb7 47.
Ra4 Bf3+ 48. Kg1 Rb3 49. R4a3 Rb5 50. Ra7 Bg4 51. Bh8 Rb8 52. Ra8 Rb3 53. R8a3
Rb8 54. Bc3 Rb7 55. Rf1 Be2 56. Rfa1 Bg4 57. Kh2 Rb5 58. Rg1 Rb7 59. Raa1 Rb3
60. Ba5 Rb2+ 61. Rg2 Rb3 62. Rc2 Rb5 63. Bc7 Ke7 64. Ba5 Kf7 1/2-1/2

[Event "ch-RUS Girls 2014"]
[Site "Loo RUS"]
[Date "2014.04.20"]
[Round "5.1"]
[White "Styazhkina, Anna"]
[Black "Petrukhina, Irina"]
[Result "1/2-1/2"]
[WhiteTitle "WIM"]
[BlackTitle "WFM"]
[WhiteElo "2232"]
[BlackElo "2145"]
[WhiteFideId "24119300"]
[BlackFideId "4132432"]
[EventDate "2014.04.16"]

1. e4 c5 2. Nf3 d6 3. d4 cxd4 4. Qxd4 Nc6 5. Bb5 Bd7 6. Qd3 Nf6 7. c4 g6 8. Nc3
Bg7 9. O-O O-O 10. Rd1 a6 11. Bxc6 Bxc6 12. Be3 Nd7 13. Bd4 Rc8 14. Rac1 Qa5 15.
Qe2 Ne5 16. Bxe5 dxe5 17. a3 e6 18. h3 Rfd8 19. Rxd8+ Rxd8 20. Rd1 Rc8 21. Ra1
Qc7 22. b4 b6 23. Rc1 Bf8 24. Ne1 Be8 25. Nd1 Qd6 26. Nb2 f6 27. Ned3 Qd4 28. a4
a5 29. c5 axb4 30. Rc4 Qd8 31. cxb6 Rxc4 32. Nxc4 Bxa4 33. Qe3 Bb5 34. Ndb2 Qc8
35. Na5 Ba6 36. Qb3 Qc1+ 37. Kh2 Qf4+ 38. Kg1 Bc5 39. Qxe6+ Kg7 40. Nd1 Qd2 41.
Ne3 Bxe3 1/2-1/2

[Event "ch-RUS Girls 2014"]
[Site "Loo RUS"]
[Date "2014.04.20"]
[Round "5.2"]
[White "Tomnikova, Lidia"]
[Black "Eryshkanova, Anastasiya"]
[Result "1-0"]
[WhiteTitle "WIM"]
[BlackTitle "WFM"]
[WhiteElo "2184"]
[BlackElo "2140"]
[WhiteFideId "4113110"]
[BlackFideId "24119059"]
[EventDate "2014.04.16"]

1. e4 c5 2. Nf3 e6 3. d4 cxd4 4. Nxd4 a6 5. Nc3 Qc7 6. g3 Nf6 7. Bg2 Nc6 8. Nxc6
bxc6 9. O-O Be7 10. Qe2 a5 11. Rd1 Ba6 12. Qe1 d5 13. exd5 cxd5 14. Bf4 Qb7 15.
Be5 O-O 16. h3 Rac8 17. Kh2 Ne8 18. f4 Bf6 19. Rab1 Bxe5 20. Qxe5 Nf6 21. Rd2
Nd7 22. Qe3 Nb6 23. b3 Rc7 24. Re1 g6 25. Ne2 Bxe2 26. Rexe2 a4 27. c4 axb3 28.
axb3 Rb8 29. f5 exf5 30. c5 Nd7 31. Bxd5 Qc8 32. b4 Nf6 33. Qc3 Qa6 34. Bc4 Qc6
35. Rd6 Ne4 36. Rxc6 1-0

[Event "ch-RUS Girls 2014"]
[Site "Loo RUS"]
[Date "2014.04.20"]
[Round "5.3"]
[White "Pustovoitova, Daria"]
[Black "Severina, Maria"]
[Result "1-0"]
[WhiteTitle "FM"]
[BlackTitle "WIM"]
[WhiteElo "2295"]
[BlackElo "2212"]
[WhiteFideId "4182146"]
[BlackFideId "4116909"]
[EventDate "2014.04.16"]

1. d4 Nf6 2. c4 e6 3. Nc3 Bb4 4. Qc2 O-O 5. a3 Bxc3+ 6. Qxc3 b6 7. Bg5 Bb7 8. f3
d5 9. e3 Nbd7 10. cxd5 exd5 11. Bd3 Re8 12. Ne2 c5 13. Bb5 Re6 14. Bxd7 Qxd7 15.
dxc5 Rc8 16. b4 bxc5 17. bxc5 Ne8 18. Kf2 Rec6 19. Rhc1 Qc7 20. Bf4 Qe7 21. Qa5
Ba8 22. Nd4 Rxc5 23. Rxc5 Qxc5 24. Qxc5 Rxc5 25. Rb1 Bc6 26. Rb8 Ba4 27. Ra8 a5
28. Bd6 Rc3 29. Be7 Rc7 30. Bd8 Rc3 31. Bxa5 Rxa3 32. Bb4 Ra2+ 33. Kg3 g6 34.
Nb5 Rxg2+ 35. Kxg2 Bxb5 36. Bc3 h6 37. Kg3 Kh7 38. Kf4 Ng7 39. Ke5 Be2 40. Kf6
Bxf3 41. Bd4 Ne6 42. Kxf7 Nxd4 43. exd4 g5 44. Kf6 Be4 45. Rd8 g4 46. Rd7+ Kh8
47. Rg7 Bf3 48. Kg6 h5 49. Rd7 Be4+ 50. Kxh5 Bf3 51. Kg6 1-0